00294nam a2200121Ia 4500008004100000100002300041245002800064260002700092300000900119650002000128942000700148999001700155190216s9999||||xx |||||||||||||| ||und|| aMrinnalini Sarabai 0aIthu Mathramanu Sathyam bD C Books Keralac1978 a268p aMalayalam Novel cBK c26494d26494